[Event "SG Solingen 4 - SF Stadtverwaltung Bonn"]
[Site "NRW-Klasse - Gruppe 4 2021/20"]
[Date "2022.01.23"]
[Round "4.1"]
[White "Horstmann, Olaf"]
[Black "Bashylina, Luisa"]
[Result "1/2-1/2"]
[WhiteElo "2125"]
[BlackElo "2024"]
[PlyCount "43"]
[EventDate "2022.??.??"]
[SourceVersionDate "2020.03.16"]
[WhiteTeam "SF Stadtverwaltung Bonn 1"]
[BlackTeam "SG Solingen 4"]

1. e4 c5 2. Nc3 d6 3. g3 Nc6 4. Bg2 g6 5. d3 Bg7 6. Be3 e5 7. f4 Nge7 8. Nf3
Nd4 9. Qd2 O-O 10. O-O b5 11. Rf2 b4 12. Nd1 Rb8 13. fxe5 dxe5 14. Bh6 Nxf3+
15. Bxf3 Be6 16. Bxg7 Kxg7 17. Ne3 Qd7 18. Raf1 f6 19. g4 Rbd8 20. Qe1 Qd4 21.
Qc1 a5 22. Be2 1/2-1/2

[Event "SG Solingen 4 - SF Stadtverwaltung Bonn"]
[Site "NRW-Klasse - Gruppe 4 2021/20"]
[Date "2022.01.23"]
[Round "4.2"]
[White "Blasek, Ralph"]
[Black "Limp, Roland"]
[Result "1-0"]
[WhiteElo "2088"]
[BlackElo "2112"]
[PlyCount "55"]
[EventDate "2022.??.??"]
[SourceVersionDate "2020.03.16"]
[WhiteTeam "SG Solingen 4"]
[BlackTeam "SF Stadtverwaltung Bonn 1"]

1. e4 c5 2. Nf3 d6 3. c3 Nf6 4. h3 g6 5. Bd3 Bg7 6. O-O O-O 7. Bc2 b6 8. d4 Bb7
9. Re1 Nc6 10. a3 Nd7 11. d5 Nce5 12. Nxe5 Nxe5 13. f4 Nd7 14. Nd2 b5 15. Nf3
Qc7 16. Be3 Nb6 17. Bf2 a5 18. Bd3 Ba6 19. Rc1 e6 20. dxe6 fxe6 21. Ng5 Rae8
22. Qg4 Qd7 23. Rcd1 Na4 24. e5 d5 25. Nxh7 Nxb2 26. Nxf8 Rxf8 27. Bxc5 Nxd1
28. Qxg6 1-0

[Event "SG Solingen 4 - SF Stadtverwaltung Bonn"]
[Site "NRW-Klasse - Gruppe 4 2021/20"]
[Date "2022.01.23"]
[Round "4.3"]
[White "Suppert, Timur"]
[Black "Fichtner, Ewald"]
[Result "1-0"]
[WhiteElo "2099"]
[BlackElo "2048"]
[PlyCount "115"]
[EventDate "2022.??.??"]
[SourceVersionDate "2020.03.16"]
[WhiteTeam "SF Stadtverwaltung Bonn 1"]
[BlackTeam "SG Solingen 4"]

1. d4 d5 2. e3 Bf5 3. c4 c6 4. Qb3 Qc7 5. Nc3 e6 6. f3 Nf6 7. Nge2 Bd6 8. c5
Be7 9. Ng3 Bg6 10. e4 dxe4 11. Ncxe4 Nbd7 12. Be3 Nd5 13. Bf2 Qa5+ 14. Nd2 b6
15. h4 h6 16. Bd3 Bxd3 17. Qxd3 bxc5 18. Ne2 N7b6 19. O-O Rd8 20. Nb3 c4 21.
Nxa5 cxd3 22. Nc1 Nb4 23. Rb1 Rd5 24. a3 Rxa5 25. axb4 Bxb4 26. Nxd3 Bd6 27.
Ra1 Rxa1 28. Rxa1 Nc8 29. Ne5 Bc7 30. Nxc6 Bb6 31. h5 f6 32. d5 exd5 33. Nxa7
Kd7 34. Nxc8 Bxf2+ 35. Kxf2 Rxc8 36. Ra7+ Ke6 37. g4 d4 38. Rxg7 Rc2+ 39. Ke1
Rxb2 40. Rg6 Ke5 41. Rxh6 Rb1+ 42. Kd2 Rb2+ 43. Kc1 Rf2 44. Rh8 Rxf3 45. h6 Rh3
46. h7 Kf4 47. Kd2 Kf3 48. g5 fxg5 49. Rf8+ Kg2 50. h8=Q Rxh8 51. Rxh8 g4 52.
Ke2 g3 53. Rd8 Kh1 54. Rxd4 g2 55. Rh4+ Kg1 56. Rg4 Kh2 57. Kf2 Kh1 58. Rh4#
1-0

[Event "SG Solingen 4 - SF Stadtverwaltung Bonn"]
[Site "NRW-Klasse - Gruppe 4 2021/20"]
[Date "2022.01.23"]
[Round "4.4"]
[White "Rittmann, Dirk"]
[Black "Wagner, Rainer"]
[Result "1-0"]
[WhiteElo "2016"]
[BlackElo "2053"]
[PlyCount "117"]
[EventDate "2022.??.??"]
[SourceVersionDate "2020.03.16"]
[WhiteTeam "SG Solingen 4"]
[BlackTeam "SF Stadtverwaltung Bonn 1"]

1. e4 c5 2. Nf3 d6 3. d4 cxd4 4. Nxd4 Nf6 5. Nc3 a6 6. Bg5 Nbd7 7. f4 Qc7 8.
Qf3 e6 9. O-O-O Be7 10. Bd3 O-O 11. Rhe1 b5 12. e5 Bb7 13. Qh3 g6 14. exf6 Bxf6
15. Bxf6 Nxf6 16. Qh4 Nd5 17. Nxd5 Bxd5 18. Qf6 Bxg2 19. h4 Qd8 20. Qxd8 Rfxd8
21. Be4 Bxe4 22. Rxe4 Rac8 23. h5 Rc5 24. hxg6 hxg6 25. Nxe6 fxe6 26. Rxe6 Kf7
27. Rdxd6 Rxd6 28. Rxd6 Rc4 29. Rxa6 Rxf4 30. Kd2 g5 31. Ke3 Rb4 32. b3 Rf4 33.
a4 bxa4 34. Rxa4 Rf1 35. Ra6 g4 36. Ra4 Rf3+ 37. Ke2 Rc3 38. Rxg4 Rxc2+ 39. Kd3
Rc8 40. Re4 Kf6 41. b4 Kf5 42. Rc4 Rd8+ 43. Kc3 Ke5 44. b5 Rb8 45. Kb4 Kd6 46.
Rc6+ Kd5 47. Rh6 Ra8 48. b6 Ra1 49. Kb5 Rb1+ 50. Ka6 Kc5 51. Kb7 Rg1 52. Ka7
Ra1+ 53. Kb8 Kb5 54. b7 Rc1 55. Rh2 Kb6 56. Rb2+ Kc6 57. Ra2 Rg1 58. Ka7 Rg7
59. Ka8 1-0

[Event "SG Solingen 4 - SF Stadtverwaltung Bonn"]
[Site "NRW-Klasse - Gruppe 4 2021/20"]
[Date "2022.01.23"]
[Round "4.5"]
[White "Dehmel, Jens"]
[Black "Muedder, Melanie"]
[Result "0-1"]
[WhiteElo "2008"]
[BlackElo "1827"]
[PlyCount "32"]
[EventDate "2022.??.??"]
[SourceVersionDate "2020.03.16"]
[WhiteTeam "SF Stadtverwaltung Bonn 1"]
[BlackTeam "SG Solingen 4"]

1. d4 Nf6 2. c4 g6 3. Nc3 d5 4. Nf3 Bg7 5. Qb3 dxc4 6. Qxc4 O-O 7. e4 b6 8. Bf4
c5 9. dxc5 Ba6 10. Qb4 Bxf1 11. Rxf1 Na6 12. Qc4 Nxc5 13. Ke2 Rc8 14. Rfd1 Ne6
15. Qxe6 fxe6 16. Rxd8 Rfxd8 0-1

[Event "SG Solingen 4 - SF Stadtverwaltung Bonn"]
[Site "NRW-Klasse - Gruppe 4 2021/20"]
[Date "2022.01.23"]
[Round "4.6"]
[White "Goerke, Joachim"]
[Black "Nenner, Thomas"]
[Result "1/2-1/2"]
[WhiteElo "2033"]
[BlackElo "1984"]
[PlyCount "70"]
[EventDate "2022.??.??"]
[SourceVersionDate "2020.03.16"]
[WhiteTeam "SG Solingen 4"]
[BlackTeam "SF Stadtverwaltung Bonn 1"]

1. d4 Nf6 2. Nf3 e6 3. c4 b6 4. Nc3 Bb7 5. a3 Be7 6. Qc2 d5 7. e3 O-O 8. Be2
Nbd7 9. O-O c5 10. dxc5 bxc5 11. b3 Rb8 12. Bb2 Qa5 13. cxd5 exd5 14. b4 Qc7
15. Nb5 Qb6 16. bxc5 Bxc5 17. Bxf6 Qxf6 18. Nbd4 Rfc8 19. Qf5 Qe7 20. a4 g6 21.
Qd3 Nb6 22. a5 Nc4 23. a6 Ba8 24. Rfb1 Bb6 25. g3 Nd6 26. Rc1 Ne4 27. Kg2 Qf6
28. Rc2 Nc5 29. Qd1 Ne6 30. Rac1 Rxc2 31. Rxc2 Kg7 32. Qd2 Nc5 33. Qc1 Qd6 34.
Qa1 Qf6 35. Qc1 Qd6 1/2-1/2

[Event "SG Solingen 4 - SF Stadtverwaltung Bonn"]
[Site "NRW-Klasse - Gruppe 4 2021/20"]
[Date "2022.01.23"]
[Round "4.7"]
[White "Weber, Meikel"]
[Black "Sereda, Yaroslava"]
[Result "1/2-1/2"]
[WhiteElo "1891"]
[BlackElo "1792"]
[PlyCount "95"]
[EventDate "2022.??.??"]
[SourceVersionDate "2020.03.16"]
[WhiteTeam "SF Stadtverwaltung Bonn 1"]
[BlackTeam "SG Solingen 4"]

1. e4 c5 2. Nf3 Nc6 3. d4 cxd4 4. Nxd4 g6 5. Nc3 Bg7 6. Nb3 Nf6 7. Be2 d6 8.
O-O O-O 9. Bg5 Be6 10. f4 Na5 11. e5 Nxb3 12. axb3 dxe5 13. Qxd8 Rfxd8 14. fxe5
Nd5 15. Nxd5 Bxd5 16. Bxe7 Re8 17. Bd6 Bxe5 18. Bxe5 Rxe5 19. Bf3 Bxf3 20. Rxf3
Re2 21. Rf2 Rxf2 22. Kxf2 Kg7 23. b4 a6 24. Kf3 Rc8 25. c3 Kf6 26. Rd1 Rc7 27.
Rd4 Ke5 28. Ke3 f5 29. c4 g5 30. b3 h5 31. Rd5+ Ke6 32. Kd4 Rc6 33. b5 axb5 34.
Rxb5 Rd6+ 35. Ke3 b6 36. c5 bxc5 37. Rxc5 Rb6 38. Rc3 Rb4 39. Kd3 Kd5 40. Kc2
Rf4 41. Rf3 Rxf3 42. gxf3 g4 43. Kd3 h4 44. fxg4 fxg4 45. Ke3 Kc5 46. Kf4 g3
47. hxg3 hxg3 48. Kxg3 1/2-1/2

[Event "SG Solingen 4 - SF Stadtverwaltung Bonn"]
[Site "NRW-Klasse - Gruppe 4 2021/20"]
[Date "2022.01.23"]
[Round "4.8"]
[White "Muedder, Rafael"]
[Black "Weyermann, Marcel"]
[Result "1-0"]
[WhiteElo "2015"]
[BlackElo "1775"]
[PlyCount "73"]
[EventDate "2022.??.??"]
[SourceVersionDate "2020.03.16"]
[WhiteTeam "SG Solingen 4"]
[BlackTeam "SF Stadtverwaltung Bonn 1"]

1. e4 e5 2. Nf3 Nc6 3. Bc4 Nf6 4. Ng5 d5 5. exd5 Na5 6. Bb5+ c6 7. dxc6 bxc6 8.
Bd3 Bd6 9. O-O O-O 10. Nc3 h6 11. Nge4 Nxe4 12. Nxe4 Bc7 13. b4 Nb7 14. Bb2 Qe7
15. Qh5 f5 16. Ng3 Nd6 17. Rfe1 e4 18. f3 Bb6+ 19. Kh1 Bf2 20. Re2 Bxg3 21.
hxg3 Ne8 22. fxe4 Qxb4 23. Bc3 Qc5 24. g4 Be6 25. gxf5 Bc4 26. e5 Bxd3 27. cxd3
Qd5 28. Re3 c5 29. Qf3 Rd8 30. a3 Qf7 31. Rf1 Rd5 32. g4 a6 33. Rb1 Qd7 34. Rb6
Nc7 35. Rb7 Rd8 36. Ba5 Rc8 37. Rxc7 1-0

[Event "SC Bonn Beuel 1 - Bergische SF 1"]
[Site "NRW-Klasse - Gruppe 4 2021/20"]
[Date "2022.01.23"]
[Round "4.1"]
[White "Bosbach, Stefan"]
[Black "Haag, Martin"]
[Result "1/2-1/2"]
[WhiteElo "2018"]
[BlackElo "2214"]
[PlyCount "44"]
[EventDate "2022.??.??"]
[SourceVersionDate "2020.03.16"]
[WhiteTeam "Bergische SF 1"]
[BlackTeam "SC Bonn Beuel 1"]

1. d4 d5 2. Nf3 e6 3. g3 Nf6 4. Bg2 Be7 5. O-O O-O 6. b3 c5 7. Bb2 Nc6 8. Re1
b6 9. Ne5 Bb7 10. Nxc6 Bxc6 11. Nd2 Rc8 12. e3 Qc7 13. Rc1 Rfd8 14. c3 Bb7 15.
f4 Ne4 16. Nxe4 dxe4 17. g4 cxd4 18. cxd4 Qd7 19. Qe2 b5 20. g5 Bd5 21. Bf1 a6
22. h4 Bb4 1/2-1/2

[Event "SC Bonn Beuel 1 - Bergische SF 1"]
[Site "NRW-Klasse - Gruppe 4 2021/20"]
[Date "2022.01.23"]
[Round "4.2"]
[White "Hoppe, Thilo"]
[Black "Harringer, Manfred"]
[Result "1/2-1/2"]
[WhiteElo "2136"]
[BlackElo "2025"]
[PlyCount "88"]
[EventDate "2022.??.??"]
[SourceVersionDate "2020.03.16"]
[WhiteTeam "SC Bonn Beuel 1"]
[BlackTeam "Bergische SF 1"]

1. d4 Nf6 2. c4 e6 3. Nf3 d5 4. Nc3 Bb4 5. Qa4+ Nc6 6. a3 Be7 7. e3 O-O 8. b4
dxc4 9. Bxc4 Nd7 10. Qc2 g6 11. Bb2 Bf6 12. Ne4 Bg7 13. Rd1 Ne7 14. O-O Nd5 15.
Ne5 Qe7 16. Rc1 Rd8 17. Qb3 N7b6 18. Be2 Bd7 19. Nc5 Rab8 20. g3 Be8 21. Rfd1
c6 22. Ncd3 f6 23. Nf3 Bf7 24. e4 Nc7 25. e5 f5 26. h4 h6 27. Rb1 Nbd5 28. Bc1
Be8 29. Bd2 Kh7 30. Qc2 Nb6 31. Rdc1 Ncd5 32. a4 Nc7 33. a5 Nbd5 34. Kg2 Nb5
35. Qb2 Ndc7 36. Rd1 Bd7 37. Rbc1 Be8 38. Be3 Nd5 39. Bd2 Ndc7 40. Rh1 Bf7 41.
Nf4 Qd7 42. Rc4 Qe7 43. Rcc1 Qd7 44. Rc4 Qe7 1/2-1/2

[Event "SC Bonn Beuel 1 - Bergische SF 1"]
[Site "NRW-Klasse - Gruppe 4 2021/20"]
[Date "2022.01.23"]
[Round "4.3"]
[White "Weiser, Hans-Josef"]
[Black "Lorenz, Roger"]
[Result "1/2-1/2"]
[WhiteElo "1986"]
[BlackElo "2136"]
[Annotator "daniel"]
[PlyCount "44"]
[EventDate "2022.??.??"]
[SourceVersionDate "2020.03.16"]
[WhiteTeam "Bergische SF 1"]
[BlackTeam "SC Bonn Beuel 1"]

1. e4 e6 2. d4 d5 3. Nd2 c5 4. exd5 Qxd5 5. Ngf3 cxd4 6. Bc4 Qd6 7. O-O Nf6 8.
Nb3 Nc6 9. Nbxd4 Nxd4 10. Qxd4 Qxd4 11. Nxd4 Bd7 12. Re1 $11 Bc5 13. Nb3 Bb6
14. Be3 Bxe3 15. Rxe3 Rc8 16. Bd3 Nd5 17. Rg3 O-O 18. c3 Nf4 19. Bf1 Rfd8 20.
Re3 Nd5 21. Rd3 Bb5 22. Rd2 Bxf1 1/2-1/2

[Event "SC Bonn Beuel 1 - Bergische SF 1"]
[Site "NRW-Klasse - Gruppe 4 2021/20"]
[Date "2022.01.23"]
[Round "4.4"]
[White "Decker, Nils"]
[Black "Gelsok, Philipp"]
[Result "1/2-1/2"]
[WhiteElo "2117"]
[BlackElo "1967"]
[PlyCount "73"]
[EventDate "2022.??.??"]
[SourceVersionDate "2020.03.16"]
[WhiteTeam "SC Bonn Beuel 1"]
[BlackTeam "Bergische SF 1"]

1. c4 c6 2. Nc3 d5 3. e3 Nf6 4. Nf3 e6 5. b3 Bd6 6. Bb2 Qe7 7. Qc2 Nbd7 8. Be2
a6 9. O-O-O b5 10. cxd5 cxd5 11. Kb1 Bb7 12. Rc1 O-O 13. Nd4 Rfc8 14. Qd1 Ba3
15. d3 Rc7 16. Qd2 Rac8 17. Bxa3 Qxa3 18. Qb2 Qd6 19. a3 e5 20. Nf3 d4 21. exd4
Bxf3 22. gxf3 Qxd4 23. Ne4 Nxe4 24. dxe4 Qxf2 25. Rxc7 Rxc7 26. Rd1 h5 27. h3
Qc5 28. Rd5 Qc6 29. b4 Qe6 30. h4 Qe7 31. Qd2 Nb6 32. Rd8+ Kh7 33. Qd6 Qxd6 34.
Rxd6 Na4 35. Bd3 Rc3 36. Ka2 f6 37. f4 1/2-1/2

[Event "SC Bonn Beuel 1 - Bergische SF 1"]
[Site "NRW-Klasse - Gruppe 4 2021/20"]
[Date "2022.01.23"]
[Round "4.5"]
[White "Thelen, Harm-Wulf"]
[Black "Gikas, Andreas Basilius"]
[Result "1-0"]
[WhiteElo "1921"]
[BlackElo "2143"]
[PlyCount "97"]
[EventDate "2022.??.??"]
[SourceVersionDate "2020.03.16"]
[WhiteTeam "Bergische SF 1"]
[BlackTeam "SC Bonn Beuel 1"]

1. c4 e5 2. Nc3 Nf6 3. g3 d5 4. cxd5 Nxd5 5. Bg2 Nb6 6. Nf3 Nc6 7. d3 Be7 8.
O-O O-O 9. a3 Re8 10. b4 Bf8 11. Bb2 a5 12. b5 Nd4 13. a4 c6 14. bxc6 Nxc6 15.
Nb5 Nd5 16. Rc1 f6 17. Nd2 Be6 18. Ne4 Rc8 19. Nc5 Bxc5 20. Rxc5 Ndb4 21. Qa1
Bg4 22. Re1 Qe7 23. Rcc1 Nd4 24. Bxd4 exd4 25. Rxc8 Bxc8 26. Qxd4 Rd8 27. Qe4
Qf7 28. Rc1 Re8 29. Qd4 Qe7 30. Bf1 Nc6 31. Qd6 Qf7 32. Bg2 Rxe2 33. Bd5 Be6
34. Bxc6 bxc6 35. Qxc6 h6 36. Nd4 Bd5 37. Qc8+ Re8 38. Qf5 Qb7 39. Nb5 Bh1 40.
f3 Bxf3 41. Rc7 Qa8 42. Qd7 Re1+ 43. Kf2 Re2+ 44. Kf1 Bg2+ 45. Kxe2 Qf3+ 46.
Kd2 Qf2+ 47. Kc3 Qe1+ 48. Kd4 Qf2+ 49. Kc4 1-0

[Event "SC Bonn Beuel 1 - Bergische SF 1"]
[Site "NRW-Klasse - Gruppe 4 2021/20"]
[Date "2022.01.23"]
[Round "4.6"]
[White "Rosskothen, Arnd"]
[Black "Gutt, Oswald"]
[Result "1-0"]
[WhiteElo "2077"]
[BlackElo "1851"]
[PlyCount "63"]
[EventDate "2022.??.??"]
[SourceVersionDate "2020.03.16"]
[WhiteTeam "SC Bonn Beuel 1"]
[BlackTeam "Bergische SF 1"]

1. d4 d5 2. c4 e6 3. Nc3 c5 4. cxd5 exd5 5. Nf3 Nc6 6. g3 Nf6 7. Bg2 Be7 8. O-O
O-O 9. Bg5 c4 10. Ne5 Be6 11. Rc1 Rc8 12. Qd2 h6 13. Be3 Bb4 14. Qc2 Qa5 15. h3
Rfd8 16. f4 Nxe5 17. fxe5 Nd7 18. Bf2 b5 19. Nxd5 Bxd5 20. Bxd5 Nxe5 21. Qf5
Rxd5 22. Qxc8+ Rd8 23. Qf5 Nc6 24. Be3 Qc7 25. Qg4 Qd6 26. Rcd1 c3 27. bxc3
Bxc3 28. d5 Ne5 29. Qf4 Qg6 30. Bd4 Bxd4+ 31. Rxd4 a5 32. Qxe5 1-0

[Event "SC Bonn Beuel 1 - Bergische SF 1"]
[Site "NRW-Klasse - Gruppe 4 2021/20"]
[Date "2022.01.23"]
[Round "4.7"]
[White "Mann, Guenter"]
[Black "Koch, Matthias"]
[Result "0-1"]
[WhiteElo "1715"]
[BlackElo "1955"]
[PlyCount "42"]
[EventDate "2022.??.??"]
[SourceVersionDate "2020.03.16"]
[WhiteTeam "Bergische SF 1"]
[BlackTeam "SC Bonn Beuel 1"]

1. e4 e5 2. Nf3 Nc6 3. Bc4 Nf6 4. Nc3 Nxe4 5. Nxe4 d5 6. Bd3 dxe4 7. Bxe4 Bd6
8. d4 Nxd4 9. Nxd4 exd4 10. Qxd4 O-O 11. Be3 Qe7 12. c3 Re8 13. Bf3 Bc5 14. Qd2
Bxe3 15. Qxe3 Qf8 16. Be4 f5 17. f3 fxe4 18. fxe4 Qe7 19. O-O-O Bf5 20. Rhe1
Qxe4 21. Qxe4 Rxe4 0-1

[Event "SC Bonn Beuel 1 - Bergische SF 1"]
[Site "NRW-Klasse - Gruppe 4 2021/20"]
[Date "2022.01.23"]
[Round "4.8"]
[White "Goergen, Christian"]
[Black "Lobbes, Frank"]
[Result "1/2-1/2"]
[WhiteElo "1991"]
[BlackElo "1740"]
[PlyCount "27"]
[EventDate "2022.??.??"]
[SourceVersionDate "2020.03.16"]
[WhiteTeam "SC Bonn Beuel 1"]
[BlackTeam "Bergische SF 1"]

1. c4 c5 2. g3 Nc6 3. Bg2 g6 4. Nc3 Bg7 5. Nf3 Nf6 6. O-O O-O 7. d3 d6 8. Rb1
Rb8 9. a3 a6 10. b4 cxb4 11. axb4 b5 12. cxb5 axb5 13. Bg5 h6 14. Bd2 1/2-1/2

[Event "SK Turm Euskirchen 1 - SV Weidenau/Geis"]
[Site "NRW-Klasse - Gruppe 4 2021/20"]
[Date "2022.01.23"]
[Round "4.1"]
[White "Scholl, Patrick"]
[Black "Vandenbergen, Nicolas"]
[Result "0-1"]
[WhiteElo "2013"]
[BlackElo "2132"]
[PlyCount "96"]
[EventDate "2022.??.??"]
[SourceVersionDate "2020.03.16"]
[WhiteTeam "SV Weidenau/Geisweid 1"]
[BlackTeam "SK Turm Euskirchen 1"]

1. c4 e5 2. g3 Nc6 3. Bg2 g6 4. Nc3 Bg7 5. e4 d6 6. Nge2 f5 7. d3 Nf6 8. exf5
Bxf5 9. O-O O-O 10. h3 Nb4 11. Ne4 Qd7 12. Kh2 a5 13. N2c3 c6 14. a3 Na6 15.
Be3 Nc7 16. Na4 Qe7 17. c5 d5 18. Nd6 Na6 19. f4 b5 20. Nxf5 gxf5 21. fxe5 Qxe5
22. Bf4 Qd4 23. Nb6 Rae8 24. Bd6 Rf7 25. Qc2 Re3 26. Rad1 Ne8 27. Rf4 Qxb2 28.
Qxb2 Bxb2 29. Nxd5 Re2 30. Ne7+ Rfxe7 31. Bxe7 Rxe7 32. Bxc6 Nxc5 33. Rxf5 Bxa3
34. Rdf1 Re2+ 35. Kg1 Nxd3 36. Bxb5 Rd2 37. Bxe8 Bc5+ 38. Kh1 Nf2+ 39. Kg2 Ng4+
40. Kf3 Nh2+ 41. Ke4 Nxf1 42. Bf7+ Kg7 43. Rxf1 a4 44. Bd5 a3 45. Ra1 Re2+ 46.
Kf3 Re3+ 47. Kg4 Bd6 48. Rg1 h5+ 0-1

[Event "SK Turm Euskirchen 1 - SV Weidenau/Geis"]
[Site "NRW-Klasse - Gruppe 4 2021/20"]
[Date "2022.01.23"]
[Round "4.2"]
[White "Neubauer, Juergen"]
[Black "Meinhardt, Michael"]
[Result "1/2-1/2"]
[WhiteElo "2073"]
[BlackElo "2035"]
[PlyCount "73"]
[EventDate "2022.??.??"]
[SourceVersionDate "2020.03.16"]
[WhiteTeam "SK Turm Euskirchen 1"]
[BlackTeam "SV Weidenau/Geisweid 1"]

1. e4 c6 2. d4 d5 3. Nd2 dxe4 4. Nxe4 Nf6 5. Nxf6+ exf6 6. c3 Bd6 7. Bd3 O-O 8.
Ne2 Re8 9. Be3 Nd7 10. Qc2 Nf8 11. O-O-O b5 12. Be4 Qc7 13. g3 Bg4 14. Rhe1
Rab8 15. h3 Be6 16. Kb1 b4 17. c4 Bxc4 18. Bxh7+ Nxh7 19. Qxc4 b3 20. a3 Qa5
21. Nc3 Ng5 22. Bxg5 Qf5+ 23. Ka1 Rxe1 24. Rxe1 fxg5 25. Re2 Qf3 26. Rd2 Bf8
27. d5 cxd5 28. Qxd5 Qf6 29. Ne4 Qa6 30. Nxg5 Qf1+ 31. Rd1 Qxf2 32. Qf3 Qc2 33.
Qxf7+ Kh8 34. Qh5+ Kg8 35. Qf7+ Kh8 36. Qh5+ Kg8 37. Qf7+ 1/2-1/2

[Event "SK Turm Euskirchen 1 - SV Weidenau/Geis"]
[Site "NRW-Klasse - Gruppe 4 2021/20"]
[Date "2022.01.23"]
[Round "4.3"]
[White "Peutz, Arne"]
[Black "Brinkmann, Sven"]
[Result "1-0"]
[WhiteElo "1849"]
[BlackElo "2002"]
[PlyCount "47"]
[EventDate "2022.??.??"]
[SourceVersionDate "2020.03.16"]
[WhiteTeam "SV Weidenau/Geisweid 1"]
[BlackTeam "SK Turm Euskirchen 1"]

1. e4 e6 2. d4 d5 3. Nd2 dxe4 4. Nxe4 Nd7 5. Nf3 Be7 6. Bd3 Ngf6 7. Qe2 O-O 8.
O-O b6 9. Nxf6+ Nxf6 10. Rd1 Bb7 11. c4 Qe8 12. b3 c5 13. dxc5 Bxc5 14. Ne5 Rd8
15. Bb2 Qe7 16. Ng4 Nd7 17. Bc2 Qg5 18. Rd3 e5 19. Rad1 Bc6 20. Rg3 Qe7 21.
Nh6+ Kh8 22. Nf5 Qf6 23. Rxg7 Rg8 24. Rxh7+ 1-0

[Event "SK Turm Euskirchen 1 - SV Weidenau/Geis"]
[Site "NRW-Klasse - Gruppe 4 2021/20"]
[Date "2022.01.23"]
[Round "4.4"]
[White "Weißhuhn, Gunnar"]
[Black "Boushmelev, Daniel"]
[Result "1/2-1/2"]
[WhiteElo "2047"]
[BlackElo "1722"]
[PlyCount "72"]
[EventDate "2022.??.??"]
[SourceVersionDate "2020.03.16"]
[WhiteTeam "SK Turm Euskirchen 1"]
[BlackTeam "SV Weidenau/Geisweid 1"]

1. d4 Nf6 2. Nf3 g6 3. c4 Bg7 4. Nc3 O-O 5. e4 d6 6. h3 e5 7. d5 Nbd7 8. Be3 a5
9. Be2 b6 10. Nd2 Ne8 11. g4 Nc5 12. g5 f5 13. gxf6 Bxf6 14. Nf3 Ng7 15. Qd2
Nh5 16. O-O-O a4 17. Rdg1 Nf4 18. Bf1 Bg7 19. h4 a3 20. b4 Na4 21. Ne1 Nxc3 22.
Qxc3 Bd7 23. Nd3 Ra4 24. Qb3 Bh6 25. Ne1 Qf6 26. Nc2 Rfa8 27. Rg3 Kh8 28. Qc3
Qg7 29. h5 g5 30. Bxf4 exf4 31. Qxg7+ Kxg7 32. Rb3 g4 33. Bd3 Kf6 34. e5+ dxe5
35. Bxh7 Rh8 36. Bg6 Bf5 1/2-1/2

[Event "SK Turm Euskirchen 1 - SV Weidenau/Geis"]
[Site "NRW-Klasse - Gruppe 4 2021/20"]
[Date "2022.01.23"]
[Round "4.5"]
[White "Schneider, Manfred"]
[Black "Blumenthal, Ralf"]
[Result "1/2-1/2"]
[WhiteElo "1947"]
[BlackElo "1863"]
[PlyCount "79"]
[EventDate "2022.??.??"]
[SourceVersionDate "2020.03.16"]
[WhiteTeam "SV Weidenau/Geisweid 1"]
[BlackTeam "SK Turm Euskirchen 1"]

1. e4 c5 2. Nc3 Nc6 3. Bb5 e6 4. Nf3 Be7 5. O-O a6 6. Bxc6 bxc6 7. d3 Nf6 8.
Bd2 d6 9. Re1 e5 10. Ne2 Qb6 11. b3 O-O 12. Ng3 Re8 13. a4 Bf8 14. Bg5 Re6 15.
Rf1 h6 16. Bd2 Kh7 17. Kh1 Ng8 18. Ng1 g5 19. h4 gxh4 20. Nf5 Rg6 21. Qh5 Qd8
22. Nh3 Nf6 23. Qe2 Bxf5 24. exf5 Rg8 25. f4 Ng4 26. fxe5 dxe5 27. Rae1 f6 28.
Qf3 Qd6 29. Re4 h5 30. Be1 Ra7 31. Bxh4 Rag7 32. Be1 Kh8 33. Bd2 Qd7 34. Be1
Qf7 35. Bd2 Rh7 36. Be1 Bh6 37. Bh4 Rhg7 38. Rg1 Kh7 39. Be1 Bc1 40. Bc3
1/2-1/2

[Event "SK Turm Euskirchen 1 - SV Weidenau/Geis"]
[Site "NRW-Klasse - Gruppe 4 2021/20"]
[Date "2022.01.23"]
[Round "4.7"]
[White "Knetsch, Alfred"]
[Black "Bernhardt, Thomas"]
[Result "1/2-1/2"]
[WhiteElo "1452"]
[BlackElo "1715"]
[PlyCount "80"]
[EventDate "2022.??.??"]
[SourceVersionDate "2020.03.16"]
[WhiteTeam "SV Weidenau/Geisweid 1"]
[BlackTeam "SK Turm Euskirchen 1"]

1. d4 Nf6 2. Bf4 e6 3. e3 d5 4. Nd2 Be7 5. Ngf3 O-O 6. Bd3 b6 7. Qe2 c5 8. c3
Nc6 9. Ne5 Nxe5 10. dxe5 Nd7 11. h4 f6 12. Nf3 Qe8 13. h5 fxe5 14. Bxe5 Rxf3
15. gxf3 Nxe5 16. Bc2 Bb7 17. Rh3 h6 18. O-O-O a5 19. f4 Ba6 20. Qe1 Nc4 21.
Qg1 Bf6 22. Qg4 Rd8 23. Rg3 Bc8 24. Qe2 Nd6 25. Qd3 Ne4 26. Rg2 c4 27. Qe2 b5
28. f3 Nc5 29. Rg6 b4 30. Rdg1 Kf7 31. Rxh6 Ke7 32. Rh7 Kd6 33. h6 gxh6 34.
Rxh6 Qf8 35. Rgg6 Be7 36. f5 Kc7 37. f6 Bd6 38. Rh7+ Kb8 39. f7 bxc3 40. bxc3
Be5 1/2-1/2

[Event "SK Turm Euskirchen 1 - SV Weidenau/Geis"]
[Site "NRW-Klasse - Gruppe 4 2021/20"]
[Date "2022.01.23"]
[Round "4.8"]
[White "Lobe, Sandra"]
[Black "Johannes, Manuel"]
[Result "1/2-1/2"]
[WhiteElo "1758"]
[BlackElo "1478"]
[PlyCount "90"]
[EventDate "2022.??.??"]
[SourceVersionDate "2020.03.16"]
[WhiteTeam "SK Turm Euskirchen 1"]
[BlackTeam "SV Weidenau/Geisweid 1"]

1. Nf3 Nf6 2. g3 d5 3. d3 h6 4. Bg2 Bf5 5. Nbd2 c6 6. O-O Nbd7 7. Re1 e5 8. e4
dxe4 9. Nxe4 Nxe4 10. dxe4 Bh7 11. Qe2 Qc7 12. Nh4 g6 13. Be3 O-O-O 14. Bh3 Kb8
15. Nf3 g5 16. Rad1 f6 17. Nd2 Nb6 18. f3 Bg8 19. a3 Na4 20. Rb1 Bc5 21. Bxc5
Nxc5 22. Qe3 Be6 23. Bxe6 Nxe6 24. c3 Rh7 25. Nf1 Rhd7 26. Qe2 Qb6+ 27. Kg2 Qb3
28. Kh3 h5 29. Rec1 Rd3 30. Re1 Nc5 31. Qf2 Qe6+ 32. Kg2 Nb3 33. Re3 Qc4 34.
Rbe1 Nc5 35. R3e2 Ne6 36. Ne3 Qb3 37. Rc1 h4 38. Rcc2 hxg3 39. hxg3 Ng7 40.
Rcd2 Qe6 41. Rxd3 Rxd3 42. Rd2 Qd7 43. Nf1 Ne6 44. Rxd3 Qxd3 45. Qd2 Nc5
1/2-1/2

[Event "Siegener SV 1 - Hellertaler SF 1"]
[Site "NRW-Klasse - Gruppe 4 2021/20"]
[Date "2022.01.23"]
[Round "4.1"]
[White "Rahimi, Rahim"]
[Black "Richter, Gerald"]
[Result "1-0"]
[WhiteElo "2080"]
[BlackElo "1959"]
[Annotator "daniel"]
[PlyCount "77"]
[EventDate "2022.??.??"]
[SourceVersionDate "2020.03.16"]
[WhiteTeam "Hellertaler SF 1"]
[BlackTeam "Siegener SV 1"]

1. d4 Nf6 2. g3 d5 3. Bg2 e6 4. Nf3 c5 5. O-O Nc6 6. c3 Be7 7. Nbd2 O-O 8. Nb3
b6 9. Bg5 Ne4 10. Bxe7 Qxe7 11. Nfd2 Nxd2 12. Qxd2 cxd4 13. Nxd4 Nxd4 14. Qxd4
Bb7 $11 15. Rfd1 Rac8 16. a4 Rc4 17. Qe5 Qc5 18. e3 Qc6 19. Rd4 Rc8 20. a5 b5
21. Bf1 Rxd4 22. exd4 a6 23. Bd3 Qc7 24. Qh5 g6 25. Qg5 Kg7 26. h4 f6 27. Qg4
e5 28. h5 e4 29. Be2 Re8 30. Qh4 Bc8 31. f4 Qd8 32. Kg2 g5 33. h6+ Kh8 34. fxg5
fxg5 35. Qh5 Bf5 36. Rf1 Rf8 37. g4 Bg6 38. Qxg5 Kg8 39. Qe5 1-0

[Event "Siegener SV 1 - Hellertaler SF 1"]
[Site "NRW-Klasse - Gruppe 4 2021/20"]
[Date "2022.01.23"]
[Round "4.2"]
[White "Besser, Jochen"]
[Black "Balzer, Alexander"]
[Result "1-0"]
[WhiteElo "1897"]
[BlackElo "2016"]
[PlyCount "65"]
[EventDate "2022.??.??"]
[SourceVersionDate "2020.03.16"]
[WhiteTeam "Siegener SV 1"]
[BlackTeam "Hellertaler SF 1"]

1. c4 Nf6 2. Nc3 e5 3. Nf3 Nc6 4. e3 Bb4 5. Qc2 d6 6. Nd5 O-O 7. a3 Bc5 8. b4
Bb6 9. Bb2 Nxd5 10. cxd5 Ne7 11. Bc4 Bf5 12. Qb3 Qd7 13. O-O Be4 14. Ne1 h5 15.
f3 Bf5 16. Kh1 g5 17. f4 gxf4 18. exf4 exf4 19. Rxf4 Ng6 20. Qg3 f6 21. Rxf5
Qxf5 22. Bd3 Qg5 23. Bxg6 Qxg3 24. hxg3 Bf2 25. Kh2 Kg7 26. Bf5 h4 27. gxh4 Rh8
28. g3 Rae8 29. Nf3 Re2 30. Kh3 Rhe8 31. Rf1 Kf7 32. Bd3 Bxg3 33. Bxe2 1-0